000 00310nam a22001457a 4500
008 210511b ||||| |||| 00| 0 eng d
020 _a9780024278807
041 _aeng
080 _a94
082 _a94
100 _a16
101 _aSHH
245 _aAmerica's Religions
_cWilliams,P.W
942 _2udc
_cBK
999 _c57254
_d57254